| 000 | 00608nam a2200193Ia 4500 | ||
|---|---|---|---|
| 003 | GCL | ||
| 008 | 140319s9999 xx 000 0 ara d | ||
| 040 |
_aGCL / _cGCL |
||
| 082 | 0 | 4 |
_a627.86 _bع خ |
| 100 | 1 | _aعماد درويش | |
| 245 | 1 | 0 |
_aخزانات السوائل من البيتون المسلح / _cعماد درويش |
| 300 | _a312 ص | ||
| 490 |
_aالهيئة العامة للاستعلامات _v0 |
||
| 650 | 0 | 4 | _aالهندسة المدنية |
| 650 | 0 | 4 | _aهندسة الرى |
| 650 | 0 | 4 | _aالخزانات - تصميم |
| 650 | 0 | 4 | _aالمنشات المائية |
| 942 |
_2ddc _cBK |
||
| 999 |
_c49276 _d49276 |
||